Music Quiz

Random Music or Lyrics Quiz

We Will Rock You Lyrics Quiz Stats

Quiz not verified by Sporcle

Challenge
Share
Tweet
Embed
Score 0/142 Timer 05:00
0 Plays Today
% Correct
yo'
99%
yo'
99%
You
98.9%
You
98.9%
you
98.9%
you
98.9%
You
98.9%
You
98.9%
you
98.9%
you
98.9%
you
98.9%
You
98.9%
You
98.9%
you
98.9%
you
98.9%
you
98.9%
a
98.6%
a
98.6%
the
98.6%
a
98.6%
the
98.6%
a
98.6%
the
98.6%
the
98.6%
the
98.6%
We
97.6%
we
97.6%
We
97.6%
we
97.6%
We
97.6%
we
97.6%
We
97.6%
we
97.6%
We
97.6%
we
97.6%
We
97.6%
we
97.6%
will
96.9%
will
96.9%
rock
96.9%
will
96.9%
will
96.9%
rock
96.9%
will
96.9%
will
96.9%
rock
96.9%
will
96.9%
will
96.9%
% Correct
rock
96.9%
will
96.9%
will
96.9%
rock
96.9%
will
96.9%
will
96.9%
rock
96.9%
your
96.3%
your
96.3%
your
96.3%
your
96.3%
your
96.3%
big
95.1%
big
95.1%
big
95.1%
big
95.1%
big
95.1%
face
94.9%
face
94.9%
face
94.9%
on
94.2%
on
94.2%
on
94.2%
on
94.2%
disgrace
92.4%
disgrace
92.4%
disgrace
92.4%
place
91.5%
place
91.5%
place
91.5%
all
90.4%
all
90.4%
got
89.7%
got
89.7%
got
89.7%
over
89.6%
over
89.6%
mud
88.4%
mud
88.4%
man
88.2%
man
88.2%
man
88.2%
man
88.2%
man
88.2%
Buddy
87.1%
Buddy
87.1%
Buddy
87.1%
some
86.6%
% Correct
some
86.6%
some
86.6%
some
86.6%
you're
85.8%
you're
85.8%
you're
85.8%
day
85.7%
day
85.7%
day
85.7%
Singin'
82.6%
Singin'
82.6%
in
82%
in
82%
in
82%
be
81.3%
blood
80%
gonna
79.7%
gonna
79.7%
gonna
79.7%
gonna
79.7%
boy
79.2%
Kickin'
77.4%
can
74.3%
street
72.4%
street
72.4%
noise
67.9%
make
67.2%
make
67.2%
world
65.3%
Wavin'
65.3%
old
63.6%
Playin'
62.9%
young
62.9%
put
61.8%
take
61.7%
an
60.9%
back
60.6%
banner
59.8%
hard
59.3%
Somebody
58%
poor
57.6%
Shoutin'
39.1%
with
38.2%
eyes
33.8%
peace
31.2%
Pleadin'
26%

You're not logged in!

Compare scores with friends on all Sporcle quizzes.
Join for Free
OR
Log In

You Might Also Like...

Show Comments

Extras

Created Mar 9, 2011ReportNominate
Tags:Lyrics Quiz, queen

Top Quizzes Today


Score Distribution

Your Account Isn't Verified!

In order to create a playlist on Sporcle, you need to verify the email address you used during registration. Go to your Sporcle Settings to finish the process.

Report this User

Report this user for behavior that violates our Community Guidelines.

Details: